1341 1211 1313 1448 1899 1466 1229 1174 1904 1205 1852 1905 1215 1727 1078 1905 1659 1847 1211 1929 1092 1347 1214 1697 1206 1588 1402 1737 1697 1435 1034 1195 1456 1666 1336 1777 1990 1751 1645 1321 1349 1909 1401 1368 1108 1874 1142 1838 1110 1266 1098 1875 1166 1292 1072 1662 1523 1173 1216 1023 1344 1469 1966 1085 1811 1522 1394 1998 1021 1372 1904 1515 1605 1351 1229 1145 1271 1060 1921 1313 1497 1641 1231 1451 1929 1346 1858 1258 1550 1283 1984 1353 1043 1491 1560 1696 1638 1949 1977 BCNSPRNW ULIB Ver.6.0+V

เปลี่ยนเป็นภาษาไทย

Change to English
 แสดงรายละเอียดบรรณานุกรม
  กลับหน้าหลัก

Brief Record : Get Marc (ISO 2709) : E-mail record : QR code < ปิดหน้าต่าง
LEADER : 00000nam 2200000uu 4500
001    13399126269
003     ULIB
008    180827s2561||||th 000 0 tha d
020    ^a9786164558694
060    ^aWI770 ย127ศ
100    ^aยงยุทธ ศิริวัฒนอักษร
245    ^aศัลยศาสตร์ปลูกถ่ายตับ LIVER TRANSPLANTATION
250    ^aพิมพ์ครั้งที่ 1
260    ^aกรุงเทพฯ :^bโรงพิมพ์เดือนตุลา,^c2561
300    ^a340 หน้า^bภาพประกอบ, ตาราง, ภาคผนวก
650    ^aตับ^xการปลูกถ่าย
650    ^aศัลยกรรม^xตับ
945    ^p1300^l0^i004446
945    ^p1300^l0^i004444
945    ^p1300^l0^i004445
945    ^p1300^l0^i005278
945    ^p1300^l0^i005279
945    ^p1300^l0^i005280
999    ^aประนอม เกษจรัล
รายการนี้ยังไม่มีแท็ก
คุณยังไม่ได้ล็อกอิน คุณสามารถมีกิจกรรมร่วมกับเว็บไซต์ได้ แต่ต้องล็อกอินก่อน ::
  ล็อกอิน

รายการสื่อสารสนเทศ

ลำดับที่ ประเภท เลขเรียก/บาร์โค้ด สถานที่ สถานะ
1. วิทยาศาสตร์การแพทย์ และสุขภาพ
หนังสือสำรอง
สถานะ=หนังสือสำรอง
WI770 ย127ศ ฉ.1 
  Barcode: 004444
ห้องสมุดวิทยาเขตสวรรค์ประชารักษ์
►หนังสือทั่วไป
บนชั้น
2. วิทยาศาสตร์การแพทย์ และสุขภาพ
วิทยาศาสตร์การแพทย์ และสุขภาพ
WI770 ย127ศ ฉ.2 
  Barcode: 004445
ห้องสมุดวิทยาเขตสวรรค์ประชารักษ์
►หนังสือทั่วไป
บนชั้น
3. วิทยาศาสตร์การแพทย์ และสุขภาพ
วิทยาศาสตร์การแพทย์ และสุขภาพ
WI770 ย127ศ ฉ.3 
  Barcode: 004446
ห้องสมุดวิทยาเขตสวรรค์ประชารักษ์
►หนังสือทั่วไป
บนชั้น
4. วิทยาศาสตร์การแพทย์ และสุขภาพ
วิทยาศาสตร์การแพทย์ และสุขภาพ
WI770 ย127ศ ฉ.4 
  Barcode: 005278
ห้องสมุดวิทยาเขตสวรรค์ประชารักษ์
►หนังสือทั่วไป
บนชั้น
5. วิทยาศาสตร์การแพทย์ และสุขภาพ
วิทยาศาสตร์การแพทย์ และสุขภาพ
WI770 ย127ศ ฉ.5 
  Barcode: 005279
ห้องสมุดวิทยาเขตสวรรค์ประชารักษ์
►หนังสือทั่วไป
บนชั้น
6. วิทยาศาสตร์การแพทย์ และสุขภาพ
วิทยาศาสตร์การแพทย์ และสุขภาพ
WI770 ย127ศ ฉ.6 
  Barcode: 005280
ห้องสมุดวิทยาเขตสวรรค์ประชารักษ์
►หนังสือทั่วไป
บนชั้น

รายการใกล้เคียง
    ชื่อเรื่อง [ศัลยศาสตร์ปลูกถ่ายตับ LIVER TRANSPLANTATION]

    ผู้แต่ง [ยงยุทธ ศิริวัฒนอักษร]

BibComment


ยังไม่เคยถูกคอมเมนท์

คอมเมนท์ทรัพยากรรายการนี้
  คอมเมนท์: ศัลยศาสตร์ปลูกถ่..


 Copyright 2026. Bcnsprnw @Library